00885nam a2200217 a 450000100100000000500170001000800410002702000150006804000250008310000330010824500840014126000270022530000280025249000460028050400320032650400730035871000610043183000530049295201050054599900170065000004194120201002035837.0131017s1998 sp a 000 0 spa d a8400077911 aDO-SdBNPbspacBNPHU1 aGarcía Valle, Adela96885514aLa Variación nominal en los orígenes del español /cAdela García Valle. aMadrid :bCSIC,c1998. a354 p. :bil. ;c25 cm.1 aBiblioteca de filología hispánicav20 aBibliografía : p. 337-351 aIncluye referencias bibliográficas y notas al pie de las páginas2 aConsejo Superior de Investigaciones Científicas,94786 0aBiblioteca de filología hispánicav20967489 001050718MOaGRbGRcCTd2013-10-23iLF1l0o p41941-10r2020-06-25w2020-06-25y1ZNo se presta c41430d41430